Normal view
MARC view
Entry Término temático
001 - NÚMERO DE CONTROL
- campo de control: 28682
003 - IDENTIFICADOR DEL NÚMERO DE CONTROL
- campo de control: FranzMayer
005 - FECHA Y HORA DE LA ÚLTIMA TRANSACCIÓN
- campo de control: 20230712144809.0
008 - DATOS DE LONGITUD FIJA
- campo de control de longitud fija: 230712|| aca||aabn | a|a d
040 ## - FUENTE DE LA CATALOGACIÓN
- Centro catalogador/agencia de origen: FranzMayer
- Centro/agencia transcriptor: FranzMayer
150 ## - ENCABEZAMIENTO--TÉRMINO DE MATERIA
- Término de materia o nombre geográfico como elemento de entrada: Exposiciones
- Subdivisión de forma: Premios
670 ## - FUENTE DE DATOS ENCONTRADOS
- Cita de la fuente: Work cat.: (FranzMayer)10871: World Press Photo 28680, World Press Photo 2023, 2023